[Event "Hessenliga 1314"]
[Site "Germany"]
[Date "2014.02.02"]
[Round "6.4"]
[White "Shkolnyk, Boris"]
[Black "Novak, Volker"]
[Result "0-1"]
[WhiteElo "1867"]
[BlackElo "2107"]
[PlyCount "112"]
[EventDate "2013.09.29"]
[EventType "team-tourn"]
[EventRounds "9"]
[EventCountry "GER"]
[SourceTitle "EXT 2015"]
[Source "ChessBase"]
[SourceDate "2014.11.20"]
[SourceVersion "1"]
[SourceVersionDate "2014.11.20"]
[SourceQuality "1"]
[WhiteTeam "Korbach"]
[BlackTeam "Bad Homburg"]
[WhiteTeamCountry "GER"]
[BlackTeamCountry "GER"]

1. c4 e6 2. g3 d5 3. cxd5 exd5 4. Nf3 Nf6 5. Nc3 Be7 6. d4 0-0 7. Bg2 c6 8. Qc2 Re8 9. 0-0 Bd6 10. Bg5 Nbd7 11. e4 dxe4 12. Nxe4 Be7 13. Nc3 Nb6 14. a4 a5 15. h3 Be6 16. Be3 Qd6 17. Ng5 Bc4 18. Rfc1 Qb4 19. Qf5 h6 20. Nge4 Be6 21. Qf3 Nbd5 22. Kh2 Rad8 23. Qe2 Nxe4 24. Nxe4 Nf6 25. Qc2 Nxe4 26. Bxe4 Bd5 27. Bxd5 Rxd5 28. Qc3 Qb6 29. Rc2 Red8 30. Rac1 Bf6 31. Rd1 Bxd4 32. Bxd4 Rxd4 33. Rxd4 Rxd4 34. Qe3 Qd8 35. Rc5 Rxa4 36. Re5 Qd4 37. Re8+ Kh7 38. Qf3 Qd5 39. Qxd5 cxd5 40. Rd8 d4 41. Kg2 Rb4 42. Kf3 Kg6 43. Rd5 b5 44. Ke4 f5+ 45. Ke5 Rxb2 46. Rd6+ Kf7 47. f4 a4 48. Rxd4 a3 49. Rd7+ Kg6 50. Rd6+ Kh7 51. Ra6 Rb3 52. g4 fxg4 53. hxg4 b4 54. Ke6 Rg3 55. Kf5 b3 56. g5 a2 0-1

[Event "Hessenliga 1314"]
[Site "Germany"]
[Date "2013.09.29"]
[Round "1.2"]
[White "Shkolnyk, Boris"]
[Black "Dorst, Johannes"]
[Result "0-1"]
[WhiteElo "1867"]
[BlackElo "2243"]
[PlyCount "122"]
[EventDate "2013.09.29"]
[EventType "team-tourn"]
[EventRounds "9"]
[EventCountry "GER"]
[SourceTitle "EXT 2015"]
[Source "ChessBase"]
[SourceDate "2014.11.20"]
[SourceVersion "1"]
[SourceVersionDate "2014.11.20"]
[SourceQuality "1"]
[WhiteTeam "Korbach"]
[BlackTeam "Marburg"]
[WhiteTeamCountry "GER"]
[BlackTeamCountry "GER"]

1. d4 Nf6 2. Nf3 c5 3. d5 b5 4. e3 Bb7 5. c4 g6 6. Qb3 Qb6 7. Nc3 b4 8. Na4 Qc7 9. Bd3 Bg7 10. e4 0-0 11. 0-0 d6 12. Rb1 Bc8 13. h3 e5 14. Qc2 Nbd7 15. b3 Nb6 16. Nb2 a5 17. Nd1 a4 18. a3 Bd7 19. Ra1 axb3 20. Qxb3 Ra4 21. Bc2 bxa3 22. Bd3 Rb8 23. Qc2 Rba8 24. Ra2 Nxe4 25. Bxe4 f5 26. Nd2 fxe4 27. Nc3 R4a6 28. Ncxe4 Bf5 29. f3 Ra4 30. Qd3 Bxe4 31. fxe4 Bh6 32. Nb1 Bxc1 33. Rxc1 Qf7 34. Rxa3 Rxa3 35. Nxa3 Rf8 36. Rf1 Qe7 37. Rxf8+ Qxf8 38. Qf3 Qe7 39. Qg4 Kg7 40. Kf2 h5 41. Qf3 Qh4+ 42. Ke2 Qg5 43. Kd1 Qf4 44. Qe2 Kf6 45. Nb5 Ke7 46. Na3 Qg3 47. Qf3 Qxf3+ 48. gxf3 Kf6 49. Ke2 Kg5 50. Kf1 Kf4 51. Kg2 Ke3 52. Kg3 g5 53. Kg2 Kd3 54. Kg3 Nxc4 55. Nb5 Ke3 56. Kg2 h4 57. Na7 Nb6 58. Nb5 Nc8 59. Nc7 c4 60. Nb5 Kd2 61. Kf2 c3 0-1

[Event "Hessen-chB"]
[Site "Korbach"]
[Date "2013.03.30"]
[Round "6"]
[White "Shkolnyk, Boris"]
[Black "Engel, Markus"]
[Result "1-0"]
[WhiteElo "1892"]
[BlackElo "1415"]
[PlyCount "77"]
[EventDate "2013.03.27"]
[EventType "swiss"]
[EventRounds "7"]
[EventCountry "GER"]
[SourceTitle "EXT 2014"]
[Source "ChessBase"]
[SourceDate "2013.11.20"]
[SourceVersion "1"]
[SourceVersionDate "2013.11.20"]
[SourceQuality "1"]

1. d4 Nf6 2. Nf3 g6 3. g3 Bg7 4. c4 d6 5. Nc3 Nbd7 6. Bg2 0-0 7. 0-0 c6 8. e4 e5 9. d5 Nb6 10. Qb3 Bd7 11. a4 Rb8 12. Be3 c5 13. h3 a5 14. Nxe5 Qc7 15. Nxd7 Nbxd7 16. Nb5 Qb6 17. Qc2 Ne8 18. Bg5 f6 19. Bd2 Qd8 20. h4 b6 21. Bh3 Ne5 22. f4 Nf7 23. Na7 Qc7 24. Nc6 Rb7 25. Be6 Kh8 26. Bxf7 Rxf7 27. Kg2 Qd7 28. Rae1 Rc7 29. Bc3 Rxc6 30. dxc6 Qxc6 31. Kh2 Qd7 32. b3 Qg4 33. Qd1 Qd7 34. Rf3 Nc7 35. Rd3 Bf8 36. e5 fxe5 37. Bxe5+ Kg8 38. Bxd6 Bxd6 39. Rxd6 1-0

[Event "Vellmar op-A 2nd"]
[Site "Vellmar"]
[Date "2010.07.11"]
[Round "6"]
[White "Nolte, Christoph"]
[Black "Shkolnyk, Boris"]
[Result "1-0"]
[WhiteElo "2115"]
[BlackElo "1866"]
[PlyCount "81"]
[EventDate "2010.07.08"]
[EventType "swiss"]
[EventRounds "7"]
[EventCountry "GER"]
[SourceTitle "EXT 2011"]
[Source "ChessBase"]
[SourceDate "2010.11.26"]
[SourceVersion "1"]
[SourceVersionDate "2010.11.26"]
[SourceQuality "1"]

1. e4 c6 2. d3 e5 3. g3 Nf6 4. Bg2 d6 5. h3 Be7 6. f4 Nbd7 7. Nf3 a5 8. 0-0 0-0 9. g4 exf4 10. Kh1 Ne5 11. Bxf4 Nxf3 12. Qxf3 Qb6 13. b3 a4 14. Nd2 Ne8 15. Nc4 Qd8 16. d4 Bf6 17. Rad1 axb3 18. axb3 Be7 19. d5 c5 20. Qg3 b5 21. Nd2 Ra2 22. c4 Bh4 23. Qh2 Ba6 24. e5 Be7 25. Ra1 Rxa1 26. Rxa1 Qb6 27. Be4 dxe5 28. Bxe5 f6 29. Bf4 Nd6 30. Bd3 Bb7 31. Re1 Nc8 32. Ne4 Qa5 33. Qe2 f5 34. Ng5 Bxg5 35. Bxg5 f4 36. Qe4 g6 37. Qe6+ Rf7 38. Bxg6 Qxe1+ 39. Qxe1 hxg6 40. Qe8+ Rf8 41. Qxg6+ 1-0

[Event "Vellmar op-A 2nd"]
[Site "Vellmar"]
[Date "2010.07.11"]
[Round "7"]
[White "Shkolnyk, Boris"]
[Black "Braun, Ingram H"]
[Result "0-1"]
[WhiteElo "1866"]
[BlackElo "1967"]
[PlyCount "84"]
[EventDate "2010.07.08"]
[EventType "swiss"]
[EventRounds "7"]
[EventCountry "GER"]
[SourceTitle "EXT 2011"]
[Source "ChessBase"]
[SourceDate "2010.11.26"]
[SourceVersion "1"]
[SourceVersionDate "2010.11.26"]
[SourceQuality "1"]

1. d4 d5 2. Nf3 Nf6 3. e3 Bf5 4. c4 c6 5. Nc3 e6 6. Qb3 Qb6 7. c5 Qc7 8. Qa4 Nbd7 9. b4 e5 10. Be2 exd4 11. Nxd4 Bg6 12. Ba3 Be7 13. Rc1 0-0 14. Qb3 Rfe8 15. 0-0 Nf8 16. f4 Be4 17. b5 Ne6 18. Nxe6 fxe6 19. g4 Bg6 20. Bf3 Bf8 21. Ne2 e5 22. Ng3 Kh8 23. f5 Bf7 24. Qa4 Rad8 25. g5 Nd7 26. Bb4 cxb5 27. Qxb5 Qc6 28. Qxc6 bxc6 29. Bd1 Rb8 30. a3 Kg8 31. Ba4 Rec8 32. h4 a5 33. Bc3 Bxc5 34. Bd2 Rb2 35. Rf2 Rxd2 36. Rxc5 Nxc5 37. Rxd2 Nxa4 38. h5 Rb8 39. g6 Be8 40. Ne2 Rb2 41. f6 Rxd2 42. Ng3 hxg6 0-1

[Event "Vellmar op 1st"]
[Site "Vellmar"]
[Date "2009.08.02"]
[Round "7"]
[White "Suess, Stefan1111"]
[Black "Shkolnyk, Boris"]
[Result "0-1"]
[WhiteElo "1674"]
[BlackElo "1886"]
[PlyCount "86"]
[EventDate "2009.07.30"]
[EventType "swiss"]
[EventRounds "7"]
[EventCountry "GER"]
[SourceTitle "EXT 2018"]
[Source "ChessBase"]
[SourceDate "2017.10.13"]
[SourceVersion "1"]
[SourceVersionDate "2017.10.13"]
[SourceQuality "1"]

1. d4 Nf6 2. Bf4 e6 3. e3 d5 4. Nd2 Nbd7 5. Bd3 c5 6. c3 Be7 7. Ngf3 0-0 8. 0-0 Ne8 9. Ne5 g6 10. Ng4 Ng7 11. Nh6+ Kh8 12. g4 Bg5 13. Qf3 f5 14. gxf5 gxf5 15. Qh3 Bxf4 16. exf4 c4 17. Bc2 Nf6 18. Nf3 Bd7 19. Ne5 Be8 20. f3 Nfh5 21. Kf2 Qf6 22. Rg1 Qxh6 23. Rg5 Qf6 24. Rag1 Rc8 25. Qh4 Rc7 26. Ke3 h6 27. Rxh5 Nxh5 28. Qxf6+ Rxf6 29. a3 Rg7 30. Rxg7 Kxg7 31. Bd1 Kf8 32. Bc2 Ke7 33. Bd1 Rf8 34. b3 cxb3 35. Bxb3 b5 36. Nd3 Rg8 37. Nf2 Rg2 38. h3 Nf6 39. Bd1 Nd7 40. Be2 Nb6 41. Bf1 Rh2 42. Bd3 Nc4+ 43. Bxc4 dxc4 0-1

[Event "Korbach op-A 2nd"]
[Site "Korbach"]
[Date "2008.10.12"]
[Round "6"]
[White "Wuestehube, Harry"]
[Black "Shkolnyk, Boris"]
[Result "1/2-1/2"]
[WhiteElo "2011"]
[BlackElo "1879"]
[PlyCount "126"]
[EventDate "2008.10.09"]
[EventType "swiss"]
[EventRounds "7"]
[EventCountry "GER"]
[SourceTitle "EXT 2010"]
[Source "ChessBase"]
[SourceDate "2010.11.25"]
[SourceVersion "1"]
[SourceVersionDate "2010.11.25"]
[SourceQuality "1"]

1. e4 c6 2. d4 d5 3. e5 Bf5 4. Nf3 e6 5. Be2 Nd7 6. 0-0 c5 7. c3 a6 8. Be3 c4 9. b3 b5 10. a4 h6 11. Nbd2 Ne7 12. Ra2 Nc6 13. Qa1 Rc8 14. axb5 axb5 15. Qb2 Be7 16. Rfa1 0-0 17. Bd1 Kh8 18. bxc4 bxc4 19. Ba4 Rb8 20. Qc1 Qc7 21. h3 Rb6 22. Bc2 Bxc2 23. Qxc2 Rfb8 24. Ra8 Nf8 25. Rxb8 Nxb8 26. Ne1 Qb7 27. f4 Ng6 28. Nef3 Nf8 29. Ra2 Nh7 30. f5 Bg5 31. Nxg5 hxg5 32. Qa4 Nd7 33. fxe6 fxe6 34. Qa8+ Qb8 35. Kh2 Kg8 36. Qxb8+ Rxb8 37. Ra7 Ndf8 38. Kg3 Rb2 39. Kg4 Rc2 40. Ra3 Kf7 41. g3 Rb2 42. Nf3 Nd7 43. Nxg5+ Nxg5 44. Kxg5 Rb3 45. Bc1 Rb1 46. Ra7 Rxc1 47. Rxd7+ Kf8 48. Kg6 Rxc3 49. g4 Rxh3 50. Rxg7 Rg3 51. Rf7+ Ke8 52. Rf4 c3 53. g5 c2 54. Rf1 Rf3 55. Rc1 Rf2 56. Kg7 Ke7 57. g6 Kd7 58. Kh7 Rh2+ 59. Kg8 Rf2 60. g7 Ke7 61. Kh7 Rh2+ 62. Kg6 Rg2+ 63. Kh7 Rh2+ 1/2-1/2

[Event "Korbach op-A 2nd"]
[Site "Korbach"]
[Date "2008.10.11"]
[Round "4"]
[White "Shkolnyk, Boris"]
[Black "Stuckenschneider, Martin"]
[Result "0-1"]
[WhiteElo "1879"]
[BlackElo "2015"]
[PlyCount "56"]
[EventDate "2008.10.09"]
[EventType "swiss"]
[EventRounds "7"]
[EventCountry "GER"]
[SourceTitle "EXT 2010"]
[Source "ChessBase"]
[SourceDate "2010.11.25"]
[SourceVersion "1"]
[SourceVersionDate "2010.11.25"]
[SourceQuality "1"]

1. d4 Nf6 2. Nf3 g6 3. c4 Bg7 4. Nc3 d5 5. e3 0-0 6. c5 b6 7. b4 a5 8. Ba3 axb4 9. Bxb4 Na6 10. Qa4 Bd7 11. Qb3 bxc5 12. Bxa6 cxb4 13. Bb7 Rb8 14. Qxb4 Bc6 15. Rb1 Rxb7 16. Qxb7 Bxb7 17. Rxb7 Qc8 18. Rb2 c5 19. Ne2 cxd4 20. exd4 Ne4 21. 0-0 Qa6 22. h3 Rc8 23. Rfb1 h5 24. h4 Qd3 25. Nf4 Qc4 26. a4 Bxd4 27. Rb4 Bxf2+ 28. Kh2 Qc7 0-1

[Event "Korbach op-A 2nd"]
[Site "Korbach"]
[Date "2008.10.10"]
[Round "2"]
[White "Schatz, Christian"]
[Black "Shkolnyk, Boris"]
[Result "1-0"]
[WhiteElo "2204"]
[BlackElo "1879"]
[PlyCount "57"]
[EventDate "2008.10.09"]
[EventType "swiss"]
[EventRounds "7"]
[EventCountry "GER"]
[SourceTitle "EXT 2010"]
[Source "ChessBase"]
[SourceDate "2010.11.25"]
[SourceVersion "1"]
[SourceVersionDate "2010.11.25"]
[SourceQuality "1"]

1. Nf3 Nf6 2. c4 c6 3. d4 d5 4. e3 Bg4 5. Nbd2 e6 6. h3 Bh5 7. Be2 Bb4 8. 0-0 Bxd2 9. Bxd2 0-0 10. Ne5 Bxe2 11. Qxe2 a5 12. b3 Ne4 13. Be1 f6 14. Nd3 Nd7 15. f3 Ng5 16. Bf2 Qe8 17. h4 Nf7 18. e4 Kh8 19. Rfe1 a4 20. exd5 exd5 21. Qxe8 Rfxe8 22. cxd5 cxd5 23. bxa4 Nf8 24. Rxe8 Rxe8 25. Rb1 Re2 26. Rxb7 Kg8 27. Rb8 g6 28. Nf4 Rc2 29. Ne6 1-0

[Event "Korbach op-A 2nd"]
[Site "Korbach"]
[Date "2008.10.09"]
[Round "1"]
[White "Shkolnyk, Boris"]
[Black "Rubel, Julian"]
[Result "1-0"]
[WhiteElo "1879"]
[BlackElo "2179"]
[PlyCount "143"]
[EventDate "2008.10.09"]
[EventType "swiss"]
[EventRounds "7"]
[EventCountry "GER"]
[SourceTitle "EXT 2010"]
[Source "ChessBase"]
[SourceDate "2010.11.25"]
[SourceVersion "1"]
[SourceVersionDate "2010.11.25"]
[SourceQuality "1"]

1. d4 d5 2. c4 c6 3. cxd5 cxd5 4. Nf3 Nc6 5. Nc3 Nf6 6. Bf4 a6 7. e3 Bg4 8. Be2 e6 9. 0-0 Bd6 10. Bg5 Be7 11. Rc1 0-0 12. h3 Bh5 13. Ne1 Bxe2 14. Qxe2 Ne4 15. Bxe7 Nxe7 16. Nd3 Nd6 17. Nf4 Qa5 18. Qg4 f5 19. Qg5 Rae8 20. Nxe6 Rf7 21. Nc5 Rf6 22. Qh5 Qd8 23. Nd3 Nc4 24. Nxd5 Rh6 25. Nxe7+ Rxe7 26. Qd1 b5 27. b3 Nd6 28. Rc6 Ree6 29. Nf4 Qa8 30. Qf3 Re4 31. d5 g5 32. Nd3 Rg6 33. Rfc1 g4 34. hxg4 fxg4 35. Qxe4 Nxe4 36. Rc8+ Qxc8 37. Rxc8+ Kg7 38. Rc7+ Kg8 39. Nf4 Rg5 40. Rc8+ Kf7 41. Rc6 g3 42. f3 Nf2 43. Rxa6 Re5 44. Re6 Rf5 45. Rb6 Nd1 46. Rb7+ Ke8 47. Ne6 Re5 48. e4 Nc3 49. Kf1 h5 50. a3 h4 51. Rh7 Nd1 52. Rxh4 Ne3+ 53. Ke2 Nxd5 54. Rh5 Rxe6 55. Rxd5 Ra6 56. Rxb5 Rxa3 57. f4 Ra2+ 58. Kf3 Rd2 59. Kxg3 Rd3+ 60. Kg4 Rd2 61. g3 Rd4 62. Kf5 Rd7 63. Rb8+ Ke7 64. b4 Rd6 65. e5 Rh6 66. g4 Kf7 67. Rb7+ Ke8 68. e6 Kd8 69. g5 Rh4 70. g6 Rh1 71. g7 Rg1 72. g8Q+ 1-0

[Event "Korbach 1st op A 2007"]
[Site "Korbach"]
[Date "2007.10.14"]
[Round "6.18"]
[White "Shkolnyk, Boris"]
[Black "Czech, Ludwig"]
[Result "1/2-1/2"]
[WhiteElo "1976"]
[BlackElo "2090"]
[PlyCount "141"]
[EventDate "2007.10.11"]
[EventType "swiss"]
[EventRounds "7"]
[EventCountry "GER"]
[SourceTitle "EXT 2009"]
[Source "ChessBase"]
[SourceDate "2008.11.26"]
[SourceVersion "1"]
[SourceVersionDate "2008.11.26"]
[SourceQuality "1"]

1. c4 f5 2. d4 Nf6 3. Nf3 g6 4. Nc3 Bg7 5. e3 e6 6. Be2 b6 7. 0-0 0-0 8. b4 Qe7 9. Qb3 d6 10. a4 a5 11. b5 Nbd7 12. Ba3 Bb7 13. Rad1 Ne4 14. Nd2 Nxc3 15. Qxc3 e5 16. Qb3 Kh8 17. Nf3 Rae8 18. Rd2 f4 19. dxe5 Nxe5 20. Nxe5 Bxe5 21. exf4 Rxf4 22. g3 Rf7 23. Bb2 Bxb2 24. Qxb2+ Qe5 25. Qxe5+ Rxe5 26. f4 Re3 27. Bg4 Kg7 28. Kf2 Rfe7 29. Re2 Rxe2+ 30. Bxe2 Be4 31. Rc1 Kf6 32. Bf3 Bd3 33. Rc3 Bf5 34. Rc1 Be6 35. Bd5 Bf5 36. Bf3 h5 37. Rc3 Rh7 38. Rc1 Be6 39. Bd5 h4 40. Bxe6 hxg3+ 41. Kxg3 Kxe6 42. h4 Kf6 43. Re1 Rh5 44. Rc1 Rc5 45. f5 gxf5 46. h5 d5 47. h6 Rxc4 48. Rh1 Rg4+ 49. Kf3 Rg8 50. Rc1 Rc8 51. Kf4 Kg6 52. Rc6+ Kh7 53. Kxf5 Rd8 54. Rxc7+ Kxh6 55. Rc6+ Kg7 56. Rxb6 d4 57. Rb7+ Kf8 58. Rh7 d3 59. Rh1 d2 60. Rd1 Rd4 61. Ke6 Ke8 62. Ke5 Rxa4 63. Rxd2 Rb4 64. Kd6 Rxb5 65. Re2+ Kd8 66. Rh2 Rb6+ 67. Kc5 Rg6 68. Ra2 Kc7 69. Rxa5 Rg5+ 70. Kb4 Rxa5 71. Kxa5 1/2-1/2

[Event "Korbach 1st op A 2007"]
[Site "Korbach"]
[Date "2007.10.13"]
[Round "4.11"]
[White "Shkolnyk, Boris"]
[Black "Warnecke, Tobias"]
[Result "0-1"]
[WhiteElo "1976"]
[BlackElo "2015"]
[PlyCount "122"]
[EventDate "2007.10.11"]
[EventType "swiss"]
[EventRounds "7"]
[EventCountry "GER"]
[SourceTitle "EXT 2009"]
[Source "ChessBase"]
[SourceDate "2008.11.26"]
[SourceVersion "1"]
[SourceVersionDate "2008.11.26"]
[SourceQuality "1"]

1. c4 Nf6 2. d4 c5 3. d5 b5 4. cxb5 a6 5. e3 d6 6. Nc3 g6 7. Nf3 Bg7 8. Be2 axb5 9. Bxb5+ Bd7 10. 0-0 0-0 11. a4 Bxb5 12. Nxb5 Na6 13. Re1 Nb4 14. e4 Qb6 15. Nd2 Nd7 16. Nc4 Qb7 17. Rb1 Nb6 18. Nxb6 Qxb6 19. b3 Rfc8 20. Be3 Qb7 21. Na3 Na2 22. Bd2 Nc3 23. Bxc3 Bxc3 24. Rf1 Qb4 25. Nc4 Rcb8 26. f4 Bd4+ 27. Kh1 Qb7 28. h3 Qc7 29. Qf3 Rb4 30. f5 Bg7 31. Rfd1 Qb7 32. a5 Rb8 33. Nb6 Qa6 34. f6 Qxa5 35. Nd7 Rd8 36. fxe7 Re8 37. Nf6+ Bxf6 38. Qxf6 Qc7 39. e5 Qxe7 40. Rf1 Qxf6 41. Rxf6 dxe5 42. Rc6 Rd4 43. Rxc5 Rd8 44. d6 f6 45. b4 R8xd6 46. Rb3 Rd3 47. Rb2 Rd2 48. Rb3 R6d3 49. Rc8+ Kg7 50. Rc7+ Kh6 51. Rxd3 Rxd3 52. Kg1 Rb3 53. Rb7 Rb2 54. b5 f5 55. b6 e4 56. Rb8 Kg5 57. g3 h5 58. b7 h4 59. g4 Kf4 60. gxf5 gxf5 61. Rh8 Rxb7 0-1